MARC

LEADER 00000nam0a2200000 4500
001 376467
005 20231101052002.0
035 |a (RuTPU)RU\TPU\retro\33907 
035 |a RU\TPU\book\228340 
090 |a 376467 
100 |a 20221222d1973 km y0rusy50 ca 
101 0 |a rus 
102 |a RU 
105 |a a z 001zy 
200 1 |a Теплофизические измерения в монотонном режиме  |f Е. С. Платунов 
210 |a Ленинград  |c Энергия  |d 1973 
215 |a 143 с.  |c ил. 
320 |a Библиогр.: с. 141-142. 
610 1 |a теплотехнические измерения 
610 1 |a монотонные режимы 
610 1 |a теплоемкость 
610 1 |a температуропроводность 
610 1 |a измерения 
675 |a 621.1.002  |v 3 
700 1 |a Платунов  |b Е. С.  |g Евгений Степанович 
801 1 |a RU  |b 63413507  |c 20120208 
801 2 |a RU  |b 63413507  |c 20221222  |g RCR 
942 |c BK